Análisis gramatical del griego del Nuevo Testamento / (Record no. 28881)

MARC details
000 -LEADER
campo de control de longitud fija 01079ntaaa2200289 4500
003 - IDENTIFICADOR DE NÚMERO DE CONTROL
campo de control 01
005 - FECHA Y HORA DE LA ÚLTIMA TRANSACCIÓN
campo de control 20251027203334.0
008 - DATOS DE LONGITUD FIJA--INFORMACIÓN GENERAL
campo de control de longitud fija 0714s1973 ag 01
020 ## - NÚMERO INTERNACIONAL ESTÁNDAR DEL LIBRO
Número Internacional Estándar del Libro 9788481698510
040 ## - FUENTE DE CATALOGACIÓN
Centro catalogador/agencia de origen AR-BaBN
Lengua de catalogación spa
Centro/agencia transcriptor AR-BaBN
Normas de descripción aacr
Centro/agencia modificador RIC
082 ## - NÚMERO DE LA CLASIFICACIÓN DECIMAL DEWEY
Número de clasificación 487.4 Ze5
100 ## - ENTRADA PRINCIPAL--NOMBRE DE PERSONA
Nombre de persona Zerwick, Max
9 (RLIN) 1446
245 ## - MENCIÓN DEL TÍTULO
Título Análisis gramatical del griego del Nuevo Testamento /
Mención de responsabilidad, etc. Max Zerwick, y Mary Grosvenor, y José Pérez Escobar, y Josep Rius-Camps
260 ## - PUBLICACIÓN, DISTRIBUCIÓN, ETC.
Lugar de publicación, distribución, etc. Estella :
Nombre del editor, distribuidor, etc. Edit. Verbo Divino,
Fecha de publicación, distribución, etc. c2008
300 ## - DESCRIPCIÓN FÍSICA
Extensión xlviii, 906, 17 p. ;
Dimensiones 20 cm.
490 ## - MENCIÓN DE SERIE
Mención de serie Instrumentos para el estudio de la Biblia
500 ## - NOTA GENERAL
Nota general Título original: Analysis philologica Novi Testamenti graeci
500 ## - NOTA GENERAL
Nota general Ed. original: Pontificio Istituto Biblico, 1966
500 ## - NOTA GENERAL
Nota general Basada en la ed. inglesa: A Grammatical Analysis of the Greek New Testament, 1996
500 ## - NOTA GENERAL
Nota general Contiene glosario
650 ## - PUNTO DE ACCESO ADICIONAL DE MATERIA--TÉRMINO DE MATERIA
Término de materia o nombre geográfico como elemento de entrada GRIEGO
9 (RLIN) 9735
650 ## - PUNTO DE ACCESO ADICIONAL DE MATERIA--TÉRMINO DE MATERIA
Término de materia o nombre geográfico como elemento de entrada NUEVO TESTAMENTO
700 ## - ENTRADA AGREGADA--NOMBRE PERSONAL
Nombre de persona Grosvenor, Mary
9 (RLIN) 37133
700 ## - ENTRADA AGREGADA--NOMBRE PERSONAL
Nombre de persona Pérez Escobar, José
Término indicativo de función/relación traductor
700 ## - ENTRADA AGREGADA--NOMBRE PERSONAL
Nombre de persona Rius-Camps, Josep
Término indicativo de función/relación revisión
9 (RLIN) 865
942 ## - ELEMENTOS DE ENTRADA SECUNDARIOS (KOHA)
Tipo de ítem Koha Colección General
Holdings
Estatus retirado Estado de pérdida Estado de daño No para préstamo Biblioteca de origen Biblioteca actual Fecha de adquisición Número de inventario Total de préstamos Signatura topográfica completa Código de barras Visto por última vez Precio de reemplazo Tipo de ítem Koha
        Biblioteca Pluis Biblioteca Pluis 27/10/2025 045390   487.4 Ze5 045390 27/10/2025 27/10/2025 REFERENCIA